Trendy ve financování malých a středních podniků v České republice

Charakteristika vymedzenia pojmu malý a stredný podnik podľa Komisie Európskej únie. Vývoj a podmienky podnikania malých a stredných podnikov v ČR. Finančné aktivity a riadenie z hľadiska manažérskych činností. Štátna podpora podnikania a perspektívy rozvoja MSP v Českej republike.

Salvato in:
Dettagli Bibliografici
Autore principale: Režňáková, Mária
Natura: Capitolo di libro
Lingua:ceco
Soggetti:
Tags: Aggiungi Tag
Nessun Tag, puoi essere il primo ad aggiungerne!!

MARC

LEADER 00000naa$a2200000$$$4500
001 0108993
005 20240521122934.8
041 0 |a cze 
044 |a SK 
245 1 0 |a Trendy ve financování malých a středních podniků v České republice  |c Mária Režňáková 
520 |a Charakteristika vymedzenia pojmu malý a stredný podnik podľa Komisie Európskej únie. Vývoj a podmienky podnikania malých a stredných podnikov v ČR. Finančné aktivity a riadenie z hľadiska manažérskych činností. Štátna podpora podnikania a perspektívy rozvoja MSP v Českej republike. 
610 2 0 |a Česko 
610 2 0 |a podnikanie stredné 
610 2 0 |a podnik malý 
610 2 0 |a živnostníci 
610 2 0 |a financovanie 
610 2 0 |a prostredie podnikateľské 
610 2 0 |a partneri obchodní 
100 1 |a Režňáková, Mária